Pozycja Geographic Name
Liczba rekordów, w których użyto hasła: 1
001 - Numer kontrolny
- control field: 39228
003 - Identyfikator numeru kontrolnego
- control field: NUKAT
005 - Data i czas ostatniej modyfikacji
- control field: 20260330143147.0
008 - Dane kontrolne kodowane (40 znaków)
- fixed length control field: 220804n||azznnbabn |a ana |c
010 ## - Numer kontrolny Biblioteki Kongresu
- numer kontrolny LC: p 2022099064
034 ## - CODED CARTOGRAPHIC MATHEMATICAL DATA
- Coordinates - westernmost longitude: E0262640
- Coordinates - easternmost longitude: E0262640
- Coordinates - northernmost latitude: N0511931
- Coordinates - southernmost latitude: N0511931
- Source: geonames
035 ## - Numer systemowy
- numer systemowy: (PL)a1000001081169
040 ## - Instytucja sporządzająca rekord
- inst. przygot. dane do rek. khw: WA N
- język haseł przedmiotowych/tezaurus: DBN
- inst. wprow. rek. khw: WA N
043 ## - Kod obszaru geograficznego
- ISO code: UA
151 ## - Hasło - nazwa geograficzna
- nazwa geograficzna: Dowhe (Ukraina, obw. rówieński, rej. rówieński)
368 ## - Other Attributes
- Juris type: Wsie
451 ## - Trop zob. - nazwa geograficzna
- nazwa geograficzna: Dołhe (Ukraina, obw. rówieński, rej. rówieński)
451 ## - Trop zob. - nazwa geograficzna
- nazwa geograficzna: Dołhe Kolonia
451 ## - Trop zob. - nazwa geograficzna
- nazwa geograficzna: Dołhe Załomy
451 ## - Trop zob. - nazwa geograficzna
- nazwa geograficzna: Majdan Cepcowski
451 ## - Trop zob. - nazwa geograficzna
- nazwa geograficzna: Majdan Cepcowski Dołhe
451 ## - Trop zob. - nazwa geograficzna
- nazwa geograficzna: Majdan Cepcowski Dowhe
451 ## - Trop zob. - nazwa geograficzna
- nazwa geograficzna: Dovge
451 ## - Trop zob. - nazwa geograficzna
- nazwa geograficzna: Dovhe
451 ## - Trop zob. - nazwa geograficzna
- nazwa geograficzna: Довге
670 ## - Źródło informacji
- źródło informacji: https://www.kami.net.pl/kresy/
670 ## - Źródło informacji
- źródło informacji: Dzieje kościoła parafialnego w Bereźnicy na Wołyniu / Sobolewski F. Ks. W: Rocznik Wołyński T. 7 http://www.rcin.org.pl/Content/7666/WA248_14716_P-I-365_rocznik-wolyn-o.pdf
670 ## - Źródło informacji
- źródło informacji: Został tylko żuraw : Jan Franciszek Rutkowski : strażnik pamięci o Wołyniu / Helena Piotrowska. - Olsztyn, 2019.
675 ## - Źródło nie podające informacji
- wskazanie źródła: KSNG